| 000 | 02447cam a22005054i 4500 | ||
|---|---|---|---|
| 003 | PE-LiUPU | ||
| 005 | 20250731173107.0 | ||
| 008 | 181210s2018 tnu r 001 0 eng d | ||
| 020 | _a1462748422 | ||
| 020 | _a9781462748426 | ||
| 035 | _a(Sirsi) a250966 | ||
| 040 |
_aPE-LiUPU _bspa _cPE-LiUPU _erda |
||
| 049 | _aPRUA | ||
| 082 | 0 | 4 |
_a261.27 _bF84 _223 |
| 100 | 1 |
_aFries, Micah, _eautor. |
|
| 245 | 1 | 0 |
_aIslam and North America : _bloving our Muslim neighbors / _cMicah Fries and Keith Whitfield. |
| 264 | 1 |
_aNashville, TN : _bBroadman & Holman, _c[2018]. |
|
| 300 |
_axxiii,184 páginas ; _c22 centímetros |
||
| 336 |
_atext _2rdacontent |
||
| 337 |
_aunmediated _2rdamedia |
||
| 338 |
_avolume _2rdacarrier |
||
| 504 | _aÍndice : páginas 178-184. | ||
| 505 | _aOverview of islam in North America -- Islam, North America, and the New Multi faith reality: how now shall we live? -- Overview of global islam and demographics of islam in North America -- Questions peoplo ask -- What do christians and muslims have in common? -- Should we defend freedom of worship for other religions? -- Do christians and muslims worship the same God? -- What does the Quran say about fighting non muslims? -- Do muslims want to overtake America's pilitical structure and institute Sharia Law? -- Great commission apportunities -- Discovering the missional opportunity -- Getting to know your muslim neighbor -- The challenges muslims face in North America -- Muslims and the great commission: the importance of community -- Sharing the Gospel with a muslim -- A biblical theological framework for understanding immigration. | ||
| 526 | _aSEG42 | ||
| 526 | _aSEG41 | ||
| 526 | _aSEG40 | ||
| 526 | _aSEG39 | ||
| 526 | _aP94 | ||
| 526 | _aP87 | ||
| 526 | _aP86 | ||
| 526 | _aP85 | ||
| 526 | _aP77 | ||
| 526 | _aP76 | ||
| 526 | _aP35 | ||
| 650 | 0 | 4 |
_aCristianidad y otras religiones _xIslam. |
| 650 | 0 | 4 |
_aIslam _xRelaciones _xCristianismo. |
| 650 | 0 | 4 |
_aIslam _xAmérica del Norte. |
| 700 | 1 |
_aWhitfield, Keith, _eautor. |
|
| 910 |
_adbm _bjpc _cjpc _d201812010 |
||
| 942 |
_2ddc _cBOOK |
||
| 994 |
_aC0 _bPEPRUE |
||
| 596 | _a1 | ||
| 999 |
_a261.27 F84 _wDEWEY _c30423 _i79079 _f2021-11-10 _g4 _lCCODEBUL1 _mBUL _p10.00 _r0 _sY _tBOOK _u2018-12-10 _xTEOLOGIA _PP85 _0DONACION _1FCOMPR2 _o.STAFF. Colección Teología _d30423 |
||
| 980 |
_81 _gALBERTO SANCHEZ Responsable de Automatización |
||